[Event "Novi Sad Put Svile IM 5th"]
[Site "Novi Sad"]
[Date "2021.08.05"]
[Round "7"]
[White "Saurabh, Anand"]
[Black "Sareen, Vishal"]
[Result "1/2-1/2"]
[WhiteElo "2335"]
[BlackElo "2354"]
[PlyCount "20"]
[EventDate "2021.08.01"]
[EventType "tourn"]
[EventRounds "9"]
[EventCountry "SRB"]
[SourceTitle "CBM 203 Extra"]
[Source "ChessBase"]
[SourceDate "2021.09.30"]
[SourceVersion "1"]
[SourceVersionDate "2021.09.30"]
[SourceQuality "1"]

1. e4 e5 2. Nf3 Nf6 3. Nxe5 d6 4. Nf3 Nxe4 5. Nc3 Nf6 6. d4 Be7 7. Bd3 0-0 8. 0-0 Bg4 9. h3 Bh5 10. Bf4 d5 1/2-1/2

[Event "Novi Sad Put Svile IM 5th"]
[Site "Novi Sad"]
[Date "2021.08.02"]
[Round "3"]
[White "Varvaglione, Antonio"]
[Black "Sareen, Vishal"]
[Result "1/2-1/2"]
[WhiteElo "2166"]
[BlackElo "2354"]
[PlyCount "20"]
[EventDate "2021.08.01"]
[EventType "tourn"]
[EventRounds "9"]
[EventCountry "SRB"]
[SourceTitle "CBM 203 Extra"]
[Source "ChessBase"]
[SourceDate "2021.09.30"]
[SourceVersion "1"]
[SourceVersionDate "2021.09.30"]
[SourceQuality "1"]

1. e4 c5 2. c3 Nf6 3. e5 Nd5 4. d4 cxd4 5. Nf3 e6 6. cxd4 d6 7. Bd2 Be7 8. Bc4 Nb6 9. Bb3 Bd7 10. 0-0 Bc6 1/2-1/2

[Event "George Trundle Masters"]
[Site "Auckland"]
[Date "2018.07.13"]
[Round "7"]
[White "Wohl, Aleksandar H"]
[Black "Sareen, Vishal"]
[Result "1/2-1/2"]
[WhiteElo "2335"]
[BlackElo "2346"]
[PlyCount "20"]
[EventDate "2018.07.07"]
[EventType "tourn"]
[EventRounds "9"]
[EventCountry "NZL"]
[EventCategory "2"]
[SourceTitle "EXT 2019"]
[Source "ChessBase"]
[SourceDate "2018.10.10"]
[SourceVersion "1"]
[SourceVersionDate "2018.10.10"]
[SourceQuality "1"]

1. e4 e5 2. Nf3 Nc6 3. Bb5 f5 4. Bxc6 dxc6 5. exf5 e4 6. Qe2 Qe7 7. Nd4 Qe5 8. Nf3 Qe7 9. Nd4 Qe5 10. Nf3 Qe7 1/2-1/2

[Event "Reykjavik op"]
[Site "Reykjavik"]
[Date "2011.03.13"]
[Round "6.31"]
[White "Sareen, Vishal"]
[Black "Larusson, Petur Atli"]
[Result "1-0"]
[WhiteElo "2358"]
[BlackElo "2095"]
[PlyCount "77"]
[EventDate "2011.03.09"]
[EventType "swiss"]
[EventRounds "9"]
[EventCountry "ISL"]
[SourceTitle "CBM 141 Extra"]
[Source "ChessBase"]
[SourceDate "2011.05.03"]
[SourceVersion "1"]
[SourceVersionDate "2011.05.03"]
[SourceQuality "1"]

1. e4 c5 2. Nc3 Nc6 3. Bb5 Nd4 4. Bc4 e6 5. Nf3 Nxf3+ 6. Qxf3 d6 7. d3 Nf6 8. g4 a6 9. g5 Nd7 10. Bb3 Be7 11. h4 Qc7 12. Be3 Ne5 13. Qe2 Nc6 14. f4 Bd7 15. Qf2 0-0-0 16. f5 Ne5 17. Rg1 h5 18. 0-0-0 Kb8 19. Ne2 Rc8 20. Nf4 c4 21. dxc4 Nxc4 22. Kb1 d5 23. Ba7+ Ka8 24. exd5 b6 25. Bxc4 Kxa7 26. dxe6 fxe6 27. Nxe6 Bxe6 28. Bxe6 Rcd8 29. Qf3 Bc5 30. Rgf1 Bd4 31. Rd3 Be5 32. Rfd1 Rxd3 33. Qxd3 Bg3 34. a3 Be5 35. Qe4 Qc5 36. Rd7+ Bc7 37. Qc4 Qxc4 38. Bxc4 Kb8 39. Rxg7 1-0

[Event "Reykjavik op"]
[Site "Reykjavik"]
[Date "2010.02.28"]
[Round "6"]
[White "Sareen, Vishal"]
[Black "Ocantos, Manuel"]
[Result "1-0"]
[WhiteElo "2364"]
[BlackElo "2158"]
[PlyCount "69"]
[EventDate "2010.02.24"]
[EventType "swiss"]
[EventRounds "9"]
[EventCountry "ISL"]
[SourceTitle "CBM 135 Extra"]
[Source "ChessBase"]
[SourceDate "2010.05.04"]
[SourceVersion "1"]
[SourceVersionDate "2010.05.04"]
[SourceQuality "1"]

1. e4 c5 2. Nf3 d6 3. d4 cxd4 4. Nxd4 Nf6 5. Nc3 g6 6. f4 Nfd7 7. Nb3 Bg7 8. Be2 0-0 9. 0-0 Nc6 10. Be3 b6 11. Qe1 Bb7 12. Rd1 Rc8 13. Qh4 Nb4 14. Bd3 Bxc3 15. bxc3 Nxa2 16. f5 Nxc3 17. Ra1 a5 18. Bh6 d5 19. Bxf8 Qxf8 20. exd5 Ne5 21. d6 exd6 22. f6 h5 23. Qg5 a4 24. Nd4 Rc5 25. Qd2 b5 26. Rae1 Kh7 27. Rxe5 dxe5 28. Bxg6+ Kxg6 29. Nf5 e4 30. Qf2 Bc8 31. Ne7+ Kh7 32. Qxc5 Ne2+ 33. Kf2 Bg4 34. h3 Qh6 35. hxg4 1-0

[Event "United Insurance 11th"]
[Site "Dhaka"]
[Date "2009.08.23"]
[Round "3"]
[White "Mohammad, Javed"]
[Black "Sareen, Vishal"]
[Result "1/2-1/2"]
[WhiteElo "2204"]
[BlackElo "2369"]
[PlyCount "86"]
[EventDate "2009.08.21"]
[EventType "swiss"]
[EventRounds "10"]
[EventCountry "BAN"]
[SourceTitle "CBM 131 Extra"]
[Source "ChessBase"]
[SourceDate "2009.09.03"]
[SourceVersion "2"]
[SourceVersionDate "2009.09.16"]
[SourceQuality "1"]

1. e4 e5 2. Nf3 Nc6 3. Bb5 a6 4. Ba4 Nf6 5. 0-0 Bc5 6. c3 b5 7. Bb3 d6 8. d4 Bb6 9. a4 Rb8 10. axb5 axb5 11. Qd3 0-0 12. Bg5 Qe7 13. Qxb5 Bd7 14. Bxf6 gxf6 15. Qd3 exd4 16. cxd4 Nxd4 17. Nxd4 Bxd4 18. Bxf7+ Rxf7 19. Qxd4 Qe5 20. Qe3 Rxb2 21. Ra8+ Rf8 22. Rxf8+ Kxf8 23. Nc3 Qg5 24. Nd5 Bb5 25. Nf4 Bc4 26. Rc1 Bf7 27. Rxc7 Rb1+ 28. Rc1 Rxc1+ 29. Qxc1 Qe5 30. f3 Qd4+ 31. Kh1 Kg7 32. h3 Qe5 33. Ne2 d5 34. Qf4 Qxf4 35. Nxf4 dxe4 36. fxe4 Be8 37. Ne2 Bc6 38. Nc3 Kf7 39. g4 Ke6 40. Kg2 Ke5 41. Kf3 Bb7 42. Ke3 Bc6 43. h4 Bb7 1/2-1/2

[Event "United Insurance 11th"]
[Site "Dhaka"]
[Date "2009.08.22"]
[Round "2"]
[White "Sareen, Vishal"]
[Black "Mchedlishvili, Mikheil"]
[Result "0-1"]
[WhiteElo "2369"]
[BlackElo "2592"]
[PlyCount "84"]
[EventDate "2009.08.21"]
[EventType "swiss"]
[EventRounds "10"]
[EventCountry "BAN"]
[SourceTitle "CBM 131 Extra"]
[Source "ChessBase"]
[SourceDate "2009.09.03"]
[SourceVersion "2"]
[SourceVersionDate "2009.09.16"]
[SourceQuality "1"]

1. e4 c6 2. d4 d5 3. Nc3 dxe4 4. Nxe4 Bf5 5. Ng3 Bg6 6. h4 h6 7. Nf3 e6 8. h5 Bh7 9. Bd3 Bxd3 10. Qxd3 Nf6 11. Bd2 Nbd7 12. 0-0-0 Be7 13. Rhe1 0-0 14. Qe2 Re8 15. Ne5 Bd6 16. Ne4 Nxe4 17. Qxe4 Qe7 18. g4 Rad8 19. g5 hxg5 20. Bxg5 f6 21. Nxd7 Qxd7 22. Be3 Qf7 23. h6 g6 24. h7+ Kh8 25. Rg1 g5 26. Kb1 Be7 27. Bc1 f5 28. Qe2 f4 29. f3 Qf5 30. b3 Bf6 31. Bb2 Rd7 32. Rh1 Rxh7 33. Rxh7+ Kxh7 34. Rh1+ Kg6 35. Re1 Kf7 36. Qc4 Qb5 37. Qc3 Rd8 38. Qd2 Qd5 39. Rh1 Qxf3 40. Rh7+ Kg6 41. Rxb7 Qh1+ 42. Bc1 Rxd4 0-1

[Event "Balaguer op 11th"]
[Site "Balaguer"]
[Date "2006.07.22"]
[Round "6"]
[White "Rizouk, Aimen"]
[Black "Sareen, Vishal"]
[Result "1-0"]
[WhiteElo "2447"]
[BlackElo "2396"]
[PlyCount "79"]
[EventDate "2006.07.17"]
[EventType "swiss"]
[EventRounds "10"]
[EventCountry "ESP"]
[SourceTitle "CBM 113 Extra"]
[Source "ChessBase"]
[SourceDate "2006.09.14"]
[SourceVersion "1"]
[SourceVersionDate "2006.09.14"]
[SourceQuality "1"]

1. e4 c5 2. Nf3 Nc6 3. Bb5 g6 4. Bxc6 bxc6 5. 0-0 Bg7 6. Re1 Nh6 7. c3 0-0 8. h3 f6 9. d4 cxd4 10. cxd4 Nf7 11. Nc3 d6 12. b3 e5 13. Bb2 f5 14. dxe5 Nxe5 15. Nxe5 Bxe5 16. exf5 Bxf5 17. Qd2 Qh4 18. Rad1 Rf7 19. Na4 Bxb2 20. Nxb2 d5 21. Re2 Rd8 22. Nc4 Re7 23. Ne5 Rde8 24. Rde1 Qf6 25. Qf4 Kg7 26. Qd4 Bd7 27. Re3 Kg8 28. Qxa7 Rxe5 29. Qxd7 Rxe3 30. fxe3 Rf8 31. Rc1 Qf2+ 32. Kh1 Qxe3 33. Qxc6 d4 34. Qd5+ Kh8 35. Rd1 Rf4 36. a4 Kg7 37. a5 Re4 38. a6 Qe2 39. Rg1 Re7 40. a7 1-0

[Event "Andorra op 24th"]
[Site "Andorra"]
[Date "2006.07.16"]
[Round "9"]
[White "Blas Correa, Jordi"]
[Black "Sareen, Vishal"]
[Result "1/2-1/2"]
[WhiteElo "2104"]
[BlackElo "2396"]
[PlyCount "51"]
[EventDate "2006.07.08"]
[EventType "swiss"]
[EventRounds "9"]
[EventCountry "AND"]
[SourceTitle "EXT 2022"]
[Source "ChessBase"]
[SourceDate "2021.10.06"]
[SourceVersion "1"]
[SourceVersionDate "2021.10.06"]
[SourceQuality "1"]

1. f4 d5 2. Nf3 Nf6 3. b3 g6 4. Bb2 Bg7 5. e3 0-0 6. Be2 c5 7. d3 d4 8. e4 Ng4 9. Bc1 e5 10. 0-0 exf4 11. Bxf4 Nc6 12. h3 Ne3 13. Bxe3 dxe3 14. c3 f5 15. Qc1 f4 16. Rd1 Qe7 17. Na3 Bd7 18. Rb1 Rac8 19. Kh1 a6 20. Nc4 Be6 21. d4 Bxc4 22. bxc4 Rcd8 23. e5 g5 24. Qc2 g4 25. hxg4 cxd4 26. cxd4 1/2-1/2

[Event "Andorra op 24th"]
[Site "Andorra"]
[Date "2006.07.13"]
[Round "6"]
[White "Sareen, Vishal"]
[Black "Karavade, Eesha"]
[Result "1/2-1/2"]
[WhiteElo "2396"]
[BlackElo "2316"]
[PlyCount "29"]
[EventDate "2006.07.08"]
[EventType "swiss"]
[EventRounds "9"]
[EventCountry "AND"]
[SourceTitle "EXT 2022"]
[Source "ChessBase"]
[SourceDate "2021.10.06"]
[SourceVersion "1"]
[SourceVersionDate "2021.10.06"]
[SourceQuality "1"]

1. d4 Nf6 2. g3 g6 3. Bg2 d5 4. Nf3 Bg7 5. 0-0 0-0 6. c4 dxc4 7. Na3 Nc6 8. Nxc4 Be6 9. Nce5 Bd5 10. Nxc6 Bxc6 11. Bf4 Nd5 12. Bd2 Nb6 13. Bf4 Nd5 14. Bd2 Nb6 15. Bf4 1/2-1/2

[Event "Andorra op 24th"]
[Site "Andorra"]
[Date "2006.07.12"]
[Round "5"]
[White "Fernandez Garcia, Jose Luis"]
[Black "Sareen, Vishal"]
[Result "1-0"]
[WhiteElo "2474"]
[BlackElo "2396"]
[PlyCount "107"]
[EventDate "2006.07.08"]
[EventType "swiss"]
[EventRounds "9"]
[EventCountry "AND"]
[SourceTitle "CBM 113 Extra"]
[Source "ChessBase"]
[SourceDate "2006.09.14"]
[SourceVersion "1"]
[SourceVersionDate "2006.09.14"]
[SourceQuality "1"]

1. e4 c5 2. Nf3 d6 3. Bb5+ Bd7 4. Bxd7+ Qxd7 5. 0-0 Nf6 6. Re1 Nc6 7. c3 e6 8. d4 cxd4 9. cxd4 d5 10. e5 Ne4 11. Nbd2 Nxd2 12. Bxd2 Be7 13. Rc1 0-0 14. Rc3 f5 15. exf6 Bxf6 16. Rd3 b5 17. Bf4 Rac8 18. Bg3 Nb4 19. Rc3 Rxc3 20. bxc3 Nc6 21. Qe2 Nd8 22. Rb1 a6 23. a4 bxa4 24. Qxa6 Qc6 25. Qa5 Qc4 26. Ra1 Nc6 27. Qxa4 Qxc3 28. Rd1 Qc4 29. Qa1 Rf7 30. h4 Ra7 31. Qb2 Qb4 32. Qe2 Qe7 33. h5 h6 34. Rc1 Qd7 35. Be5 Bxe5 36. Nxe5 Nxe5 37. Qxe5 Kh7 38. Qg3 Qf7 39. Qd3+ Qf5 40. Qxf5+ exf5 41. Rc8 Rd7 42. Rc6 Kg8 43. Kh2 Kf7 44. f3 Ra7 45. Rd6 Ra5 46. Kg3 Ke7 47. Rg6 Ra4 48. Rxg7+ Kf8 49. Rg6 Rxd4 50. Rxh6 Kg7 51. Rd6 Rd2 52. Kh3 d4 53. Rd7+ Kh6 54. g4 1-0

[Event "Andorra op 24th"]
[Site "Andorra"]
[Date "2006.07.09"]
[Round "2"]
[White "Sareen, Vishal"]
[Black "Del Rio de Angelis, Salvador Gabriel"]
[Result "1/2-1/2"]
[WhiteElo "2396"]
[BlackElo "2514"]
[PlyCount "44"]
[EventDate "2006.07.08"]
[EventType "swiss"]
[EventRounds "9"]
[EventCountry "AND"]
[SourceTitle "CBM 113 Extra"]
[Source "ChessBase"]
[SourceDate "2006.09.14"]
[SourceVersion "1"]
[SourceVersionDate "2006.09.14"]
[SourceQuality "1"]

1. e4 c5 2. Nf3 Nc6 3. d4 cxd4 4. Nxd4 d5 5. Bb5 dxe4 6. Nxc6 Qxd1+ 7. Kxd1 a6 8. Ba4 Bd7 9. Nc3 Bxc6 10. Bxc6+ bxc6 11. Nxe4 g6 12. Be3 Bg7 13. Ke2 Nf6 14. Nxf6+ Bxf6 15. Rhd1 Rd8 16. c3 Rd6 17. Rd3 Kd7 18. Rad1 Be5 19. Bc5 Rxd3 20. Kxd3 Bd6 21. Kc4 g5 22. h3 h5 1/2-1/2

[Event "Sort op 2nd"]
[Site "Sort"]
[Date "2006.06.28"]
[Round "3.7"]
[White "Sareen, Vishal"]
[Black "Kogan, Artur"]
[Result "1/2-1/2"]
[WhiteElo "2386"]
[BlackElo "2563"]
[PlyCount "97"]
[EventDate "2006.06.26"]
[EventType "swiss"]
[EventRounds "9"]
[EventCountry "ESP"]
[SourceTitle "EXT 2022"]
[Source "ChessBase"]
[SourceDate "2021.10.06"]
[SourceVersion "1"]
[SourceVersionDate "2021.10.06"]
[SourceQuality "1"]

1. e4 c5 2. Nf3 d6 3. d4 Nf6 4. Nc3 cxd4 5. Nxd4 Nbd7 6. Bc4 e6 7. Bg5 Qa5 8. Qd2 h6 9. Bxf6 Nxf6 10. Ndb5 a6 11. Nxd6+ Bxd6 12. Qxd6 Nxe4 13. Qd4 Nxc3 14. bxc3 0-0 15. 0-0 Rd8 16. Qe4 Qxc3 17. Rad1 Bd7 18. Rd3 Qxc2 19. Rfd1 Be8 20. Bb3 Qc7 21. Rxd8 Rxd8 22. Rxd8 Qxd8 23. Qxb7 Bb5 24. h3 Qd2 25. f3 Qe3+ 26. Kh2 g5 27. Qc8+ Kg7 28. Qc2 Bf1 29. Qb2+ e5 30. Bxf7 Qf4+ 31. Kg1 Bb5 32. Bb3 Qd4+ 33. Qxd4 exd4 34. g3 Kf6 35. Kf2 Ke5 36. a3 a5 37. Ba2 h5 38. h4 gxh4 39. gxh4 Kf4 40. Bb3 d3 41. a4 Ba6 42. Bf7 d2 43. Bb3 Bc4 44. Bc2 Bd5 45. Ke2 Kg3 46. Kxd2 Bf7 47. Bd1 Kxh4 48. f4 Kg3 49. Bxh5 1/2-1/2

[Event "Hyderabad op 1st"]
[Site "Hyderabad"]
[Date "2006.03.03"]
[Round "8"]
[White "Sareen, Vishal"]
[Black "Rao J, Malleswara"]
[Result "1-0"]
[WhiteElo "2380"]
[BlackElo "2216"]
[PlyCount "71"]
[EventDate "2006.02.25"]
[EventType "swiss"]
[EventRounds "10"]
[EventCountry "IND"]
[SourceTitle "CBM 111 Extra"]
[Source "ChessBase"]
[SourceDate "2006.05.09"]
[SourceVersion "1"]
[SourceVersionDate "2006.05.09"]
[SourceQuality "1"]

1. e4 c5 2. Nf3 d6 3. d4 cxd4 4. Nxd4 Nf6 5. Nc3 a6 6. Bc4 e6 7. Bb3 b5 8. 0-0 Be7 9. Qf3 Qc7 10. Bg5 0-0 11. Rad1 b4 12. Nce2 Nbd7 13. Ng3 a5 14. c3 a4 15. Bc2 Ba6 16. Nge2 Ne5 17. Qh3 h6 18. Bc1 bxc3 19. bxc3 Bxe2 20. Nxe2 Qc4 21. Nd4 Qxa2 22. f4 Ng6 23. e5 dxe5 24. fxe5 Nxe5 25. Bxh6 gxh6 26. Qxh6 Ng6 27. Rf3 Ng4 28. Qh5 Nf6 29. Qh6 Ng4 30. Qh5 N4e5 31. Rh3 Rfd8 32. Bxg6 Nxg6 33. Rf1 e5 34. Qh7+ Kf8 35. Qxg6 Bc5 36. Qh6+ 1-0

[Event "Moscow Aeroflot op-B"]
[Site "Moscow"]
[Date "2006.02.14"]
[Round "8"]
[White "Sareen, Vishal"]
[Black "Panarin, Mikhail"]
[Result "1/2-1/2"]
[WhiteElo "2386"]
[BlackElo "2491"]
[PlyCount "78"]
[EventDate "2006.02.07"]
[EventType "swiss"]
[EventRounds "9"]
[EventCountry "RUS"]
[SourceTitle "EXT 2007"]
[Source "ChessBase"]
[SourceDate "2006.11.23"]
[SourceVersion "1"]
[SourceVersionDate "2006.11.23"]
[SourceQuality "1"]

1. e4 c6 2. d4 d5 3. f3 e6 4. Nc3 Bb4 5. Qd3 b6 6. Nge2 Ba6 7. Qe3 Nf6 8. a3 Be7 9. Ng3 Bxf1 10. Rxf1 0-0 11. Qd3 c5 12. exd5 cxd4 13. Qxd4 exd5 14. Bg5 h6 15. Bf4 Bc5 16. Qd3 Re8+ 17. Nce2 Nbd7 18. b4 Bf8 19. Kf2 a5 20. Qb5 Qc8 21. c3 Qc4 22. Qxc4 dxc4 23. Rfd1 Ne5 24. Bxe5 Rxe5 25. Rab1 axb4 26. axb4 h5 27. Ra1 Rae8 28. Rd4 b5 29. Ra6 Nd5 30. Re4 g6 31. Rxe5 Rxe5 32. Ra8 Kg7 33. Rb8 h4 34. Ne4 f5 35. Ng5 Be7 36. Rb7 Kg8 37. Rb8+ Kg7 38. Rb7 Kf6 39. Nh7+ Kg7 1/2-1/2

[Event "Moscow Aeroflot op-B"]
[Site "Moscow"]
[Date "2006.02.13"]
[Round "7"]
[White "Kurenkov, Nikolai"]
[Black "Sareen, Vishal"]
[Result "0-1"]
[WhiteElo "2440"]
[BlackElo "2386"]
[PlyCount "110"]
[EventDate "2006.02.07"]
[EventType "swiss"]
[EventRounds "9"]
[EventCountry "RUS"]
[SourceTitle "EXT 2007"]
[Source "ChessBase"]
[SourceDate "2006.11.23"]
[SourceVersion "1"]
[SourceVersionDate "2006.11.23"]
[SourceQuality "1"]

1. e4 c5 2. Nf3 Nc6 3. d4 cxd4 4. Nxd4 Nf6 5. Nc3 d6 6. Bc4 e6 7. Be3 a6 8. Qe2 Qc7 9. Bb3 Be7 10. 0-0-0 Na5 11. g4 b5 12. g5 Nxb3+ 13. axb3 Nd7 14. h4 Bb7 15. h5 b4 16. Na4 Bxe4 17. f3 Bf5 18. g6 hxg6 19. hxg6 Rxh1 20. Rxh1 fxg6 21. Nxe6 Bxe6 22. Bb6 Nxb6 23. Nxb6 Rc8 24. Rh8+ Kf7 25. Nxc8 Bxc8 26. Kb1 Bf5 27. Ra8 a5 28. Qf2 Qc5 29. Qe2 d5 30. Rb8 Qc7 31. Ra8 d4 32. f4 d3 33. cxd3 Qd6 34. Ka1 Qxd3 35. Qe1 Qe4 36. Qxe4 Bxe4 37. Rxa5 Bf5 38. Rb5 Bd6 39. Rb7+ Ke6 40. Rb5 Be4 41. Ka2 Kd7 42. Rb6 Kc7 43. Ra6 Bxf4 44. Re6 Bf5 45. Re7+ Kd6 46. Rxg7 g5 47. Rb7 Ke5 48. Ra7 Be6 49. Ra5+ Kd6 50. Rb5 g4 51. Rb6+ Ke7 52. Kb1 g3 53. Rb7+ Kf6 54. Ka2 g2 55. Rb6 Bc1 0-1

[Event "New Delhi Parsvnath op 4th"]
[Site "New Delhi"]
[Date "2006.01.19"]
[Round "7"]
[White "Sandipan, Chanda"]
[Black "Sareen, Vishal"]
[Result "1/2-1/2"]
[WhiteElo "2522"]
[BlackElo "2380"]
[PlyCount "68"]
[EventDate "2006.01.15"]
[EventType "swiss"]
[EventRounds "10"]
[EventCountry "IND"]
[SourceTitle "CBM 110 Extra"]
[Source "ChessBase"]
[SourceDate "2006.03.10"]
[SourceVersion "2"]
[SourceVersionDate "2006.03.10"]
[SourceQuality "1"]

1. e4 c5 2. Nf3 d6 3. d4 cxd4 4. Nxd4 Nf6 5. Nc3 Nc6 6. Bg5 e6 7. Qd2 Be7 8. 0-0-0 0-0 9. f4 Nxd4 10. Qxd4 Qa5 11. Bc4 Bd7 12. e5 dxe5 13. fxe5 Bc6 14. Bd2 Nd7 15. Nd5 Qd8 16. Nxe7+ Qxe7 17. Rhe1 Rfd8 18. Qg4 Nf8 19. Bd3 Rd5 20. Bb4 Qd8 21. h4 Ng6 22. Bxg6 hxg6 23. h5 gxh5 24. Qxh5 f5 25. Qg6 Qe8 26. Qg5 Rad8 27. Bd6 Rc8 28. b3 b5 29. Re3 Rxd1+ 30. Kxd1 Be4 31. c3 Qd8 32. Qg6 Qe8 33. Qg5 Qd8 34. Qg6 Qe8 1/2-1/2

[Event "New Delhi Parsvnath op 4th"]
[Site "New Delhi"]
[Date "2006.01.17"]
[Round "4"]
[White "Sareen, Vishal"]
[Black "Mollah Abdullah, Al Rakib"]
[Result "1/2-1/2"]
[WhiteElo "2380"]
[BlackElo "2477"]
[PlyCount "46"]
[EventDate "2006.01.15"]
[EventType "swiss"]
[EventRounds "10"]
[EventCountry "IND"]
[SourceTitle "CBM 110 Extra"]
[Source "ChessBase"]
[SourceDate "2006.03.10"]
[SourceVersion "2"]
[SourceVersionDate "2006.03.10"]
[SourceQuality "1"]

1. e4 e5 2. Nf3 Nc6 3. Bb5 a6 4. Ba4 Nf6 5. 0-0 Be7 6. Re1 b5 7. Bb3 d6 8. c3 0-0 9. d4 Nd7 10. Nbd2 Nb6 11. Nf1 Bg4 12. Bd5 Nxd5 13. exd5 Na5 14. dxe5 dxe5 15. Rxe5 Bd6 16. Re1 Qd7 17. h3 Bf5 18. Ne3 Rad8 19. a4 Nc4 20. axb5 axb5 21. Nxc4 bxc4 22. Qd4 Bd3 23. Ne5 Bxe5 1/2-1/2

[Event "New Delhi Parsvnath op 4th"]
[Site "New Delhi"]
[Date "2006.01.17"]
[Round "5"]
[White "Sivanandan, BS."]
[Black "Sareen, Vishal"]
[Result "1-0"]
[WhiteElo "2452"]
[BlackElo "2380"]
[PlyCount "69"]
[EventDate "2006.01.15"]
[EventType "swiss"]
[EventRounds "10"]
[EventCountry "IND"]
[SourceTitle "CBM 110 Extra"]
[Source "ChessBase"]
[SourceDate "2006.03.10"]
[SourceVersion "2"]
[SourceVersionDate "2006.03.10"]
[SourceQuality "1"]

1. Nf3 c5 2. g3 Nc6 3. d4 cxd4 4. Nxd4 g6 5. Bg2 Bg7 6. Nxc6 bxc6 7. 0-0 Nf6 8. e4 Qc7 9. Re1 d6 10. Bd2 0-0 11. Bc3 e5 12. Qe2 Be6 13. Na3 Nd7 14. Rad1 Nb6 15. Ba5 Rad8 16. c4 Qb7 17. Qd2 Rd7 18. b3 Nc8 19. b4 c5 20. bxc5 dxc5 21. Qe3 Rxd1 22. Rxd1 Qc6 23. Bd8 Re8 24. Qd3 Nb6 25. Bf1 Nd7 26. Bg5 Qa4 27. Nb5 Rc8 28. Nc3 Qa3 29. Bc1 Qa5 30. Nd5 Rb8 31. Ne7+ Kf8 32. Nc6 Qc7 33. Nxb8 Qxb8 34. Qf3 Qc7 35. Bg5 1-0

[Event "Hoogeveen Essent op"]
[Site "Hoogeveen"]
[Date "2005.10.28"]
[Round "8"]
[White "Sareen, Vishal"]
[Black "Jonkman, Harmen"]
[Result "0-1"]
[WhiteElo "2375"]
[BlackElo "2446"]
[PlyCount "88"]
[EventDate "2005.10.21"]
[EventType "swiss"]
[EventRounds "9"]
[EventCountry "NED"]
[SourceTitle "EXT 2006"]
[Source "ChessBase"]
[SourceDate "2005.11.24"]
[SourceVersion "1"]
[SourceVersionDate "2005.11.24"]
[SourceQuality "1"]

1. e4 e5 2. Nf3 Nc6 3. Bb5 Nf6 4. 0-0 Nxe4 5. d4 Nd6 6. Bxc6 dxc6 7. dxe5 Nf5 8. Qxd8+ Kxd8 9. Nc3 Ne7 10. h3 h6 11. Be3 Ng6 12. Rad1+ Bd7 13. a3 Kc8 14. Rfe1 Be7 15. Bc1 Re8 16. Ne4 c5 17. Nc3 b6 18. Nd5 a5 19. Nh2 Bh4 20. Nf3 Bd8 21. Nf4 Nxf4 22. Bxf4 a4 23. Nd2 Be6 24. Ne4 Kb7 25. g4 Be7 26. Be3 h5 27. f3 Kc6 28. Kg2 Rad8 29. Kg3 hxg4 30. hxg4 b5 31. f4 g6 32. Rxd8 Rxd8 33. Rf1 Bc4 34. Rh1 Bd5 35. Kf3 f5 36. exf6 Bxf6 37. Bc1 Re8 38. Re1 b4 39. f5 g5 40. Re2 Kb5 41. b3 axb3 42. cxb3 c4 43. bxc4+ Kxc4 44. axb4 Rxe4 0-1

[Event "Hoogeveen Essent op"]
[Site "Hoogeveen"]
[Date "2005.10.26"]
[Round "6"]
[White "Sareen, Vishal"]
[Black "Pruijssers, Roeland"]
[Result "1/2-1/2"]
[WhiteElo "2375"]
[BlackElo "2310"]
[PlyCount "80"]
[EventDate "2005.10.21"]
[EventType "swiss"]
[EventRounds "9"]
[EventCountry "NED"]
[SourceTitle "EXT 2006"]
[Source "ChessBase"]
[SourceDate "2005.11.24"]
[SourceVersion "1"]
[SourceVersionDate "2005.11.24"]
[SourceQuality "1"]

1. e4 e5 2. Nf3 Nc6 3. Bc4 Nf6 4. d3 Be7 5. 0-0 0-0 6. Re1 d6 7. c3 Na5 8. Bb5 a6 9. Ba4 b5 10. Bc2 c5 11. Nbd2 Re8 12. h3 Nc6 13. d4 cxd4 14. cxd4 exd4 15. Nb3 Bb7 16. Nbxd4 Bf8 17. Bg5 h6 18. Bh4 Nb4 19. Bb1 g5 20. Bg3 Bxe4 21. Bxe4 Rxe4 22. Rxe4 Nxe4 23. Qb3 a5 24. a3 Na6 25. Qxb5 Nac5 26. b3 Rb8 27. Qc4 d5 28. Qc2 Nxg3 29. fxg3 Qb6 30. Kh2 Nxb3 31. Nxb3 Qxb3 32. Qf5 Bg7 33. Rf1 d4 34. Qxa5 Qb5 35. Qxb5 Rxb5 36. Rd1 f5 37. g4 f4 38. Rd2 Rd5 39. a4 Kf7 40. a5 Rxa5 1/2-1/2

[Event "Hoogeveen Essent op"]
[Site "Hoogeveen"]
[Date "2005.10.24"]
[Round "4"]
[White "Sareen, Vishal"]
[Black "Doggers, Peter"]
[Result "1-0"]
[WhiteElo "2375"]
[BlackElo "2239"]
[PlyCount "49"]
[EventDate "2005.10.21"]
[EventType "swiss"]
[EventRounds "9"]
[EventCountry "NED"]
[SourceTitle "EXT 2006"]
[Source "ChessBase"]
[SourceDate "2005.11.24"]
[SourceVersion "1"]
[SourceVersionDate "2005.11.24"]
[SourceQuality "1"]

1. e4 c5 2. Nf3 d6 3. d4 cxd4 4. Nxd4 Nf6 5. Nc3 a6 6. Be3 e6 7. Be2 Be7 8. 0-0 0-0 9. f4 Nc6 10. Kh1 Qc7 11. Qe1 Nxd4 12. Bxd4 b5 13. a3 Bb7 14. Qg3 Rae8 15. Rae1 Bd8 16. e5 dxe5 17. Bxe5 Qb6 18. Bf3 Bxf3 19. Rxf3 Nh5 20. Qh3 Nf6 21. Rg3 Qf2 22. Rd1 Qxc2 23. Qh6 g6 24. Bxf6 Bxf6 25. Rh3 1-0